Countries that Border Russia - Statistics

General Stats
  • This quiz has been taken 23 times
    17 since last reset
  • The average score is 13 of 14
Answer Stats
Country % Correct
China
100%
Kazakhstan
100%
Mongolia
100%
Ukraine
100%
Belarus
93%
Estonia
93%
Finland
93%
Georgia
93%
Latvia
93%
North Korea
93%
Azerbaijan
87%
Lithuania
87%
Norway
73%
Poland
60%
No matching quizzes found
Score Distribution
Percent of People with Each Score
Percentile by Number Answered
Your Score History
You have not taken this quiz since the last reset